000 03362cad a22002895a 4500
001 L153650
008 101111s2011 xxk af 001 0 eng d
020 _a9780080970714
035 _a(Sirsi) u153650
041 0 _aeng
050 0 4 _a344.410465 $2 18
100 1 _aHughes, Phil
245 0 0 _aIntroduction to health and safety at work
_h[electronic resource]
250 _a5th ed.
260 _aLondon
_bButterworth-Heinemann
_c2011
300 _aeBook
505 2 _aHealth and safety foundations -- Policy -- Organizing for health and safety -- Promoting a positive health and safety culture -- Risk assessment -- Principles of control -- Monitoring, review and audit -- Incident and accident investigation and reporting -- Movement of people and vehicles: hazards and control -- Manual and mechanical handling hazards and control -- Work equipment hazards and control -- Electrical hazards and control -- Hazards and control -- Chemical and biological health hazards and control -- Physical and psychological health hazards and control -- Construction activities: hazards and control -- Summary of the main legal requirements -- International aspects of health and safety -- Study skills -- Specimen answers to NEBOSH examinations
520 _aThis eBook has been developed for the NEBOSH National General Certificate in Occupational Safety and Health. Each element of the syllabus has a dedicated chapter and both taught units are covered in this book. A chapter on international aspects also makes this book suitable for the NEBOSH International General Certificate in Occupational Safety and Health. Previous editions of this book have been used for other NVQ level 3 and 4 courses in health and safety. Full colour pages and hundreds of illustrations bring health and safety to life. To make studying easier, each chapter starts with learning outcome summaries and ends with questions taken from recent NEBOSH examinations. Specimen answers and a study skills chapter aid exam preparation. As an introduction to all areas of occupational safety and health the book acts as a practical reference for managers and directors with health and safety responsibilities, and safety representatives. It covers the essential elements of health and safety management, the legal framework, risk assessment and control standards and includes handy forms and checklists. The following are new in this edition: updated throughout in line with changes in the regulations; learning outcomes now included at the beginning of each chapter; companion website with downloadable health and safety forms; endorsed by NEBOSH; student-friendly presentation in full colour, packed with illustrations and photographs; and, revision questions and sample answers taken from recent NEBOSH examinations to test your knowledge. This title includes a summary of the main legal requirements, ideal for both students and managers. A free companion website is also available. This title features editable health and safety forms and selected appendices sections in electronic format.
521 2 _aIntroductory
590 _aKA
650 2 4 _aEBOOK
651 4 _aUnited Kingdom
_y
690 _aMANAGEMENT-HEALTH AND SAFETY
700 1 _aFerrett, Ed
856 4 8 _uhttps://www.vlebooks.com/
_zView on VLEbooks. Logins for members only from [email protected]
942 _n0
999 _c112630
_d112630